সব্জি বিজ্ঞান / (Record no. 5646)

MARC details
000 -LEADER
fixed length control field 00855nam a22002057a 4500
001 - CONTROL NUMBER
control field BD-DhSAU 5646
003 - CONTROL NUMBER IDENTIFIER
control field BD-DhSAU
005 - DATE AND TIME OF LATEST TRANSACTION
control field 20150416165137.0
008 - FIXED-LENGTH DATA ELEMENTS--GENERAL INFORMATION
fixed length control field 150416b1985 bg a|||| |||| 000 0 ben d
040 ## - CATALOGING SOURCE
Original cataloging agency BD-DhSAU
082 ## - DEWEY DECIMAL CLASSIFICATION NUMBER
Edition number 22
Classification number ৬৩৫.৫
Item number শ্রস
100 ## - MAIN ENTRY--PERSONAL NAME
Personal name শ্রফুদ্দিন, এ এফ এম
245 ## - TITLE STATEMENT
Title সব্জি বিজ্ঞান /
Statement of responsibility, etc. এ এফ এম শ্রফুদ্দিন এবং মোঃ আব্দুস সিদ্দিক
260 ## - PUBLICATION, DISTRIBUTION, ETC. (IMPRINT)
Place of publication, distribution, etc. বাংলাদেশ :
Name of publisher, distributor, etc. মিসেস হাসিনা আখতার বিউটি ,
Date of publication, distribution, etc. ১৯৮৫.
300 ## - PHYSICAL DESCRIPTION
Extent ১৮৫ পৃ. :
Dimensions ২২ সে. মি.
590 ## - Name of Cataloguer
Name of Cataloger tamanna
650 ## - SUBJECT ADDED ENTRY--TOPICAL TERM
Topical term or geographic name as entry element horticulture
650 ## - SUBJECT ADDED ENTRY--TOPICAL TERM
Topical term or geographic name as entry element উদ্দান বিদ্যা
700 ## - ADDED ENTRY--PERSONAL NAME
Personal name সিদ্দিক, মোঃ আব্দুস
942 ## - ADDED ENTRY ELEMENTS (KOHA)
Source of classification or shelving scheme Dewey Decimal Classification
Koha item type Book
Holdings
Withdrawn status Lost status Source of classification or shelving scheme Damaged status Not for loan Collection code Home library Branch Name Shelving location Date acquired Total Checkouts Full call number Barcode Date last seen Price effective from Koha item type
    Dewey Decimal Classification   Not For Loan Reference SAU Library SAU Library Reference 05/04/1989   ৬৩৫.৫ শ্রস 12502 16/04/2015 16/04/2015 Book